| 000 | 00662nam a2200253Ia 4500 | ||
|---|---|---|---|
| 008 | 181129s9999 xx 000 0 und d | ||
| 020 | _a9780545157728 | ||
| 050 | _bJ177 2008 | ||
| 100 | _aJacobson, Jennifer Richard | ||
| 245 | 0 | _aAndy Shane and the queen of Egypt / | |
| 245 | 0 | _cby Jennifer Richard Jacobson ; illustrated by Abby Carter. | |
| 260 | _aNew York, NY : | ||
| 260 | _bScholastic, | ||
| 260 | _c2008 | ||
| 300 | _a56 pages : | ||
| 300 | _billustrations ; | ||
| 300 | _c19cm. | ||
| 500 | _a570L | ||
| 650 | _aBossiness. | ||
| 650 | _aCooperativeness. | ||
| 650 | _aElementary schools. | ||
| 650 | _aSchools. | ||
| 700 | _aTitle. | ||
| 999 |
_c360052 _d360052 |
||